Movies Quiz

Random Movies or Famous Quiz

Movie by Quote Antonym Quiz Stats

 Plays Quiz Updated Jun 25, 2018

Also try: Movies Bunker II
Challenge
Share
Tweet
Embed
Score 0/20 Timer 05:00
0 Plays Today
Quote with Antonym Movie Title % Correct
You're gonna need a smaller boat.Jaws
89.4%
Houston, we have a solution.Apollo 13
87.8%
I'm gonna make him an offer he can't accept.The Godfather
86.9%
It's dead! It's dead!Frankenstein
86.4%
Mrs. Robinson, you're trying to dissuade me. Aren't you?The Graduate
83%
We'll never have Paris.Casablanca
79.2%
You listenin' to me? Taxi Driver
77.3%
You can handle the truth.A Few Good Men
74.1%
I will look for you, I will find you, and I will save you.Taken
67.6%
You had me at 'bye'.Jerry Maguire
66.7%
Quote with Antonym Movie Title % Correct
Gentlemen, you can't fight in here! This is the Peace Room.Dr. Strangelove or: How I Learned to Stop Worrying and Love the Bomb
64.1%
As Satan is my witness, I'll never be hungry again.Gone with the Wind
63%
Are you not bored? Are you not bored?Gladiator
58.6%
Forget, forget, the Fifth of November.V for Vendetta
57.4%
You shall not fail!The Lord of the Rings: The Fellowship of the Ring
50.7%
I'm as calm as hell, and I'm not going to take this anymore!Network
47.4%
What's the most you've ever won on a coin toss?No Country for Old Men
36.9%
Well, everybody's perfect.Some Like It Hot
30.8%
You make me want to be a worse man.As Good as It Gets
30.8%
Go ahead. Make my night.Sudden Impact
29.1%

You're not logged in!

Compare scores with friends on all Sporcle quizzes.
Join for Free
OR
Log In

You Might Also Like...

Show Comments

Extras

Top Quizzes Today


Score Distribution

Your Account Isn't Verified!

In order to create a playlist on Sporcle, you need to verify the email address you used during registration. Go to your Sporcle Settings to finish the process.

Report this User

Report this user for behavior that violates our Community Guidelines.

Details: